000 00828cam a22002897a 4500
001 000034975
003 CHAP
005 20220329135307.0
008 971013s1978 r 00010 d
010 _a33921
011 _a34893
035 _a39009
040 _cCHAP
082 0 4 _a631.34
_bM4
100 0 0 _aMenage, Ronald H.
_974543
245 1 4 _aThe unheate greenhouse :
_b: how to maximize its potential.
260 _aWellingborough, England :
_bThorsons,
_c1978.
300 _a128 p. :
_b: ilus.
590 _aBATCH-UPD
_b10
_c20130110
_lUCH01
_h1632
590 _aCONVERSION
_b10
_c20130109
_lUCH01
_h1319
590 _aE5995AHE
_b05
_c20150519
_lUCH01
_h1442
650 1 4 _aInvernaderos.
_960172
901 _aBK
942 _cLIBRO
942 _n0
949 _a631.34 M4
_bBC
_cESP
_d-89137
_eESP
_h56942
_i39009
_si
_t418.30
999 _c33921
_d33921